|
|
|
|
| LEADER |
01494nam a2200421 a 4500 |
| 001 |
000463940 |
| 003 |
CZ BrMZK |
| 005 |
20080108081638.0 |
| 007 |
ta |
| 008 |
000115s2000 xr e p cze d |
| 015 |
|
|
|a cnb000840517
|
| 020 |
|
|
|a 80-7082-594-4
|
| 035 |
|
|
|a (OCoLC)44525048
|
| 040 |
|
|
|a BOA001
|b cze
|
| 072 |
|
7 |
|a 159.97
|x Psychopatologie
|2 Konspekt
|9 17
|
| 072 |
|
7 |
|a 37.016
|x Učební osnovy. Vyučovací předměty. Učebnice
|2 Konspekt
|9 22
|
| 080 |
|
|
|a 159.97
|2 MRF
|
| 080 |
|
|
|a 616.89
|2 MRF
|
| 080 |
|
|
|a 616.89-008
|2 MRF
|
| 080 |
|
|
|a 616.89-008.447
|2 MRF
|
| 080 |
|
|
|a 316.346.32-053.5
|2 MRF
|
| 080 |
|
|
|a (075.8)
|2 MRF
|
| 100 |
1 |
|
|a Miňhová, Jana,
|d 1941-
|7 jn20001227305
|4 aut
|
| 245 |
1 |
0 |
|a Psychopatologie pro učitele /
|c J. Miňhová, L. Novotná
|
| 250 |
|
|
|a 1. vyd.
|
| 260 |
|
|
|a Plzeň :
|b Západočeská univerzita,
|c 2000
|
| 300 |
|
|
|a 119 s. ;
|c 20 cm
|
| 500 |
|
|
|a Určeno stud. FPE. - Bibliogr.
|
| 650 |
0 |
7 |
|a psychopatologie
|7 ph124819
|2 czenas
|
| 650 |
0 |
7 |
|a duševní poruchy
|7 ph119647
|2 czenas
|
| 650 |
0 |
7 |
|a poruchy chování
|7 ph124386
|2 czenas
|
| 650 |
0 |
7 |
|a děti školního věku
|7 ph119714
|2 czenas
|
| 655 |
|
7 |
|a učebnice vysokých škol
|7 fd133772
|2 czenas
|
| 700 |
1 |
|
|a Novotná, Lenka,
|d 1947-
|7 mzk2004236948
|4 aut
|
| 710 |
2 |
|
|a Západočeská univerzita.
|b Pedagogická fakulta
|7 kn20010709437
|
| 910 |
|
|
|a BOA001
|b 2-1069.155
|
| 990 |
|
|
|a BK
|
| 996 |
6 |
|
|b 2610108425
|c 2-1069.155
|l MZK
|r Sklad / do 1 hodiny
|n 4
|p p.v.
|w 000463940
|u 000010
|a 1
|e BOA001
|j MZK50
|s P
|